• 首页
  • 本馆介绍
  • 公告通知
  • 最新文献
  • 馆藏检索
  • 电子资源
  • 读者导购
  • 参考咨询
  • 我的图书馆
  • 登录
  • 详细信息显示
  • 放入我的书架
  • 预约/预借图书
  • 作者相关作品
  • 分类相关作品
  • 丛书相关作品
  • 出版社相关作品

书目信息

  • 表格格式
  • 工作单格式
  • 卡片格式
题名:
石之美者
    
 
作者: 张广文 著
分册:  
出版信息: 北京   北京教育出版社  2013.04
页数: 157页
开本: 23cm
丛书名: 中华文明探微
单 册:
中图分类: K876.84
科图分类:
主题词: 玉器--介绍--中国 , 玉器
电子资源:
ISBN: 978-7-5522-1085-9
000 00974oam2 2200289 450
001 012013104491
005 20130911102824.95
010    @a978-7-5522-1085-9@dCNY48.00
100    @a20130703d2013 em y0chiy0110 ea
101 0  @achi
102    @aCN@b110000
105    @aa z 000yy
106    @ar
200 1  @a石之美者@9shi zhi mei zhe@e中国玉器@e一个民族的道德理想@f张广文著
210    @a北京@c北京教育出版社@d2013.04
215    @a157页@c图@d23cm
225 2  @a中华文明探微
330    @a本书为《中国玉器》,提取了中国玉器发展史上某些重要的点来论述,由此连成线,以体现中国玉器文化的发展脉络。
461  0 @12001 @a中华文明探微@1701 0@a白巍@4主编
517 1  @a中国玉器@9zhong guo yu qi
517 1  @a一个民族的道德理想@9yi ge min zu de dao de li xiang
606 0  @a玉器@x介绍@y中国
606 0  @a玉器
690    @aK876.84@v5
701  0 @a张广文@9zhang guang wen@f(1949-)@4著
801  0 @aCN@b人天书店@c20130703
905    @b547455-58@dK876.84@e289@f4@xCNY48.00
    
    石之美者:中国玉器:一个民族的道德理想/张广文著.-北京:北京教育出版社,2013.04
    157页:图;23cm.-(中华文明探微)
    
    
    ISBN 978-7-5522-1085-9:CNY48.00
    本书为《中国玉器》,提取了中国玉器发展史上某些重要的点来论述,由此连成线,以体现中国玉器文化的发展脉络。
●
相关链接 在E读中查询图书 在五车中查询图书 在当当中查询图书 在豆瓣中查询图书


正题名:石之美者     索取号:K876.84/289         预约/预借

序号 登录号 条形码 馆藏地/架位号 状态 备注
1 547455   205474556   第二样本阅览室/ [索取号:K876.84/289] 在馆    
2 547456   205474565   第二借阅区/ [索取号:K876.84/289] 在馆    
3 547457   205474574   第二借阅区/ [索取号:K876.84/289] 在馆    
4 547458   205474583   第二借阅区/ [索取号:K876.84/289] 在馆    
唐山师范学院图书馆 欢迎您!
大连网信软件有限公司© 版权所有